Länder Autokennzeichen #2 - Statistiken

Allgemein
  • Dieses Quiz wurde 83 mal gespielt
  • Das Durchschnittsergebnis liegt bei 15 aus 24
Antwortstatistiken
Kennzeichen Land % Korrekt
IRL Irland
96%
FIN Finnland
92%
RO Rumänien
92%
UK Vereinigtes königreich
92%
USA Vereinigte Staaten
92%
MEX Mexiko
90%
CHN China
88%
IS Island
79%
NEP Nepal
78%
CY Zypern
77%
CH Schweiz
75%
GH Ghana
71%
BOL Bolivien
70%
UA Ukraine
70%
L Luxemburg
65%
AL Albanien
64%
TR Türkei
57%
CO Kolumbien
48%
N Norwegen
44%
ZA Südafrika
25%
KSA Saudi Arabien
19%
M Marokko
14%
ROK Südkorea
14%
ET Ägypten
5%
Keine übereinstimmenden Quizze gefunden
Verteilung der Resultate
Anzahl Personen mit jedem Resultat
Perzentil nach korrekt beantworteten Fragen
Ihre Resultats-Entwicklung
Sie haben dieses Quiz noch nicht gespielt